Similarity methods for differential equations

Bewaard in:
Bibliografische gegevens
Hoofdauteurs: Bluman, George W (Auteur), Cole, J. D (Auteur)
Formaat: Boek
Taal:Engels
Gepubliceerd in: Nueva York Springer-Verlag 1974
Reeks:Applied Mathematical Sciences, 13
Onderwerpen:
Tags: Voeg label toe
Geen labels, Wees de eerste die dit record labelt!

MARC

LEADER 00000nam a2200000 a 4500
001 UCL2555
003 CL-VaPUC
008 031024e19740000US |||||||||||||||||eng|d
020 |a 0387901078 
082 0 4 |a 515.35  |b BLU  |2 21 
100 0 |a Bluman, George W  |e author  |9 547201 
700 0 |a Cole, J. D  |e author  |9 547202 
245 1 0 |a Similarity methods for differential equations 
300 |a 332 p 
942 |c BK 
945 |d 20031024 00:00:00  |a cmena 
260 |a Nueva York  |b Springer-Verlag  |c 1974 
650 0 |a Ecuaciones diferenciales  |9 260083 
650 0 |a Soluciones numéricas   |9 379941 
583 |a last modification  |c 20031024 00:00:00  |k Rodrigo Vera 
490 0 |a Applied Mathematical Sciences, 13 
999 |c 339740  |d 339738 
952 |0 0  |1 0  |4 0  |6 515_350000000000000_BLU_1974  |7 0  |8 A  |9 433551  |a BIBCUR  |b BIBCUR  |d 2019-11-22  |i 2083639  |o 515.35 BLU 1974  |p 2083639  |r 2025-04-22  |w 2019-11-22  |y BK  |k FIS